Normal view
MARC view
- Pre-Raphaelites
Entry Topical Term
001 - CONTROL NUMBER
- control field: 121430
003 - CONTROL NUMBER IDENTIFIER
- control field: NUST
005 - DATE AND TIME OF LATEST TRANSACTION
- control field: 20240227112349.0
008 - FIXED-LENGTH DATA ELEMENTS
- fixed length control field: 240227|| aca||aabn | a|a d
040 ## - CATALOGING SOURCE
- Original cataloging agency: NUST
- Transcribing agency: NUST
150 ## - HEADING--TOPICAL TERM
- Topical term or geographic name entry element: Pre-Raphaelites
670 ## - SOURCE DATA FOUND
- Source citation: Work cat.: (NUST): Rodgers, David. 121429, Rodgers, David/, 1996.
